LEADER 03411nam 22006255 450 001 9910254756103321 005 20200705222734.0 010 $a9781484221341 010 $a1484221346 024 7 $a10.1007/978-1-4842-2134-1 035 $a(CKB)3710000000820507 035 $a(DE-He213)978-1-4842-2134-1 035 $a(MiAaPQ)EBC4631615 035 $a(CaSebORM)9781484221341 035 $a(PPN)194807428 035 $a(OCoLC)971245752 035 $a(OCoLC)ocn971245752 035 $a(EXLCZ)993710000000820507 100 $a20160808d2016 u| 0 101 0 $aeng 135 $aurnn|008mamaa 181 $ctxt$2rdacontent 182 $cc$2rdamedia 183 $acr$2rdacarrier 200 10$aWindows To Go $eA Guide for Users and IT Professionals /$fby Joli Ballew 205 $a1st ed. 2016. 210 1$aBerkeley, CA :$cApress :$cImprint: Apress,$d2016. 215 $a1 online resource (XVII, 141 p. 83 illus., 81 illus. in color.) 300 $aIncludes index. 311 08$a9781484221334 311 08$a1484221338 327 $a1. Introducing Windows To Go -- 2. Using Windows To Go -- 3. Prepare Your Small Business, School, or Enterprise for Windows To Go -- 4. Understand Single Activations, Volume Licensing, and Software Assurance -- 5. Deploy Windows To Go Drives -- 6. Secure and Protect Windows to Go Drives -- 7. Windows 10 for Business. 330 $aLearn how to use, manage, deploy, and secure Windows To Go, the ultimate mobile edition of Windows 10, designed to boot directly from a USB stick. Learn how to use your Windows To Go drive to work at home and on the move and to access local and network resources from anywhere. You also will learn how to plan for, provision, deploy, and manage Windows To Go devices in the workplace in order to create an effective mobility solution for your users. A Windows To Go drive can be booted on any PC that meets the Windows 7 or later certification requirements, regardless of the operating system running on that PC. This book will teach you how Windows To Go differs from a typical Windows installation on a desktop and you will understand how to: Meet the necessary hardware and software requirements for Windows To Go Boot your Windows To Go drive Use Windows To Go, at home and on the road Plan and deploy Windows To Go in the workplace Secure and protect Windows To Go drives. 606 $aMicrosoft software 606 $aMicrosoft .NET Framework 606 $aOperating systems (Computers) 606 $aManagement information systems 606 $aMicrosoft and .NET$3https://scigraph.springernature.com/ontologies/product-market-codes/I29030 606 $aOperating Systems$3https://scigraph.springernature.com/ontologies/product-market-codes/I14045 606 $aEnterprise Architecture$3https://scigraph.springernature.com/ontologies/product-market-codes/522010 615 0$aMicrosoft software. 615 0$aMicrosoft .NET Framework. 615 0$aOperating systems (Computers) 615 0$aManagement information systems. 615 14$aMicrosoft and .NET. 615 24$aOperating Systems. 615 24$aEnterprise Architecture. 676 $a005.43 700 $aBallew$b Joli$4aut$4http://id.loc.gov/vocabulary/relators/aut$0912523 801 0$bUMI 801 1$bUMI 906 $aBOOK 912 $a9910254756103321 996 $aWindows To Go$92056991 997 $aUNINA LEADER 03444nam 2200625Ia 450 001 9910959193903321 005 20251117073954.0 010 $a1-282-04312-9 010 $a9786612043123 010 $a1-4438-0288-3 035 $a(CKB)2430000000015612 035 $a(StDuBDS)AH25037164 035 $a(SSID)ssj0000832791 035 $a(PQKBManifestationID)11442627 035 $a(PQKBTitleCode)TC0000832791 035 $a(PQKBWorkID)10900319 035 $a(PQKB)10123619 035 $a(MiAaPQ)EBC1133199 035 $a(Au-PeEL)EBL1133199 035 $a(CaPaEBR)ebr10676957 035 $a(CaONFJC)MIL204312 035 $a(OCoLC)830167992 035 $a(OCoLC)1187188747 035 $a(FlNmELB)ELB108098 035 $a(BIP)46849086 035 $a(BIP)14022336 035 $a(EXLCZ)992430000000015612 100 $a20061209d2006 uy 0 101 0 $aeng 135 $aur||||||||||| 181 $ctxt 182 $cc 183 $acr 200 14$aThe brief and turbulent life of modernising conservatism /$fStuart Mitchell 210 $aNewcastle $cCambridge Scholars Press$d2006 210 1$aNewcastle :$cCambridge Scholars Press,$d2006. 215 $a1 online resource (ix, 250 p.) 300 $aBibliographic Level Mode of Issuance: Monograph 311 08$a1-84718-009-4 311 08$a1-84718-768-4 320 $aIncludes bibliographical references and index. 330 $aThe Brief and Turbulent Life of Modernising Conservatism is an examination of government tensions and frustrations during a time of economic and social flux. It concentrates on the development of domestic industrial policy in the Conservative Party between 1945 and 1964, with particular emphasis on Harold Macmillan s and Sir Alec Douglas-Home s administrations. Between the general elections of 1959 and 1964, the Conservative Government effected a series of striking and dangerously controversial policy transformations in response to its recognition of Britain s relative economic decline. These adjustments were both practical and strategic. The administration s aim was extraordinarily ambitious. It sought to fashion a recognisably modern and dynamic, yet socially stable, nation that could retain its place in the international elite. Thereby, the Party hoped to ensure its own continuation in power. The author considers policy innovations that included an ill-starred attempt to join the European Community, the development of macro-economic planning, and the abolition of resale price maintenance an exploit which roused the Tory Party to unusual heights of passion. The book does not simply regurgitate an orthodox high political narrative. Instead, it investigates topics of interest to modern historians and political scientists alike. It will be of value to anyone interested in questions of modern political ideology, social and economic change, the nature of popular political support, or the constraints on state power in the post-war world." 606 $aConservatism$zGreat Britain 607 $aGreat Britain$xEconomic policy$y1945-1964 608 $aLibros electro?nicos. 615 0$aConservatism 676 $a324.24104 700 $aMitchell$b Stuart$f1936-$01868153 801 0$bMiAaPQ 801 1$bMiAaPQ 801 2$bMiAaPQ 906 $aBOOK 912 $a9910959193903321 996 $aThe brief and turbulent life of modernising conservatism$94475999 997 $aUNINA